O coelho Pedro e outras histórias (Registo nº 2097)

Detalhes MARC
000 -Etiqueta do registo
Cabeçalho 00906nam a22003011 4500
005 - Identificador da versão
Campo de controlo 20240813121925.0
095 ## -
-- PTBN00923861
010 ## - Número internacional normalizado dos livros (ISBN)
Número (ISBN) 9721042803
021 ## - Número do Depósito Legal
Código do país PT
Número 107623/97
100 ## - Dados gerais de processamento
Dados gerais de processamento 19981016d1997 cd y0pory5003 ba
102 ## - Pais de publicação ou produção
País de publicação Portugal
101 1# - Língua de publicação
Língua do texto, banda sonora, etc. Português
Língua do documento no original Inglês
106 ## - Campo de dados codificados: material textual
Dados codificados do material textual r
105 ## - Campo de dados codificados: livros
Dados codificados dos livros a z 001fy
215 ## - Descrição física 
Indicação específica da natureza do documento e extensão da espécie 102, [1] p.
Outras indicações físicas il.
Dimensões 18 cm
200 1# - Titulo e menção de responsabilidade
Título próprio O coelho Pedro e outras histórias
Primeira menção de responsabilidade Beatrix Potter
Outras menções de responsabilidade trad. Maria Mello
225 2# - Colecção 
Título próprio da colecção Livros de bolso Europa-América
Indicação de volume 598
210 ## - Publicação, Distribuição, etc. 
Lugar da edição, distribuição, etc. Mem Martins
Nome do editor, distribuidor, etc. Europa-América
Data da publicação, distribuição, etc. 1997
304 ## - Notas relativas a título e menção de responsabilidade 
Texto da nota Tít. orig.: Peter rabbit and eleven other stories
606 ## - Nome comum usado como assunto
Número de registo de entrada de autoridade 0000001
Palavra de ordem Literatura estrangeira infantil
Subdivisão de assunto Conto
675 ## - Classificação Decimal Universal (CDU)
Notação 82-34
Edição
Língua da edição por
702 #1 - Nome de autor-pessoa física (responsabilidade secundária)
Número de registo de entrada de autoridade 0000850
Palavra de ordem Melo
Outra parte do nome não tomada para palavra de ordem Maria
Código de função Tradutor
700 #1 - Nome de autor-pessoa física (responsabilidade principal)
Número de registo de entrada de autoridade 0000849
Palavra de ordem Potter
Outra parte do nome não tomada para palavra de ordem Beatrix
Datas 1866-1943
942 ## - Elementos de entrada adicionados (Koha)
Tipo de item no Koha Livro
Exemplares
Situação do levantamento Origin of item (home branch) (coded) Biblioteca de empréstimo Código de barras Cota Circulation type (not for loan) Tipo de documento Nota do exemplar Damaged status
  Biblioteca Escolar da Coca Maravilhas Biblioteca Escolar da Coca Maravilhas BECM3553/98 8EST POT   Livro Sem mensagem